El barón rampante / (Registro nro. 1012)
[ vista simple ]
| 000 -LEADER | |
|---|---|
| fixed length control field | 01394nam a22002417a 4500 |
| 003 - CONTROL NUMBER IDENTIFIER | |
| control field | AR-RoUNCS |
| 005 - DATE AND TIME OF LATEST TRANSACTION | |
| control field | 20260511161412.0 |
| 007 - PHYSICAL DESCRIPTION FIXED FIELD--GENERAL INFORMATION | |
| fixed length control field | ta |
| 008 - FIXED-LENGTH DATA ELEMENTS--GENERAL INFORMATION | |
| fixed length control field | 260511s1980 sp |||||r|||| 00| 1 spa d |
| 020 ## - INTERNATIONAL STANDARD BOOK NUMBER | |
| International Standard Book Number | 8402040388 |
| 040 ## - CATALOGING SOURCE | |
| Original cataloging agency | AR-RoUNCS |
| Language of cataloging | spa |
| Transcribing agency | AR-RoUNCS |
| 041 1# - LANGUAGE CODE | |
| Language code of text/sound track or separate title | spa |
| Language code of original | ita |
| 100 1# - MAIN ENTRY--PERSONAL NAME | |
| Personal name | Calvino, Italo, |
| Dates associated with a name | 1923-1985 |
| Relator term | autor |
| 245 13 - TITLE STATEMENT | |
| Title | El barón rampante / |
| Statement of responsibility, etc. | Italo Calvino. |
| 250 ## - EDITION STATEMENT | |
| Edition statement | 1a ed. |
| 260 ## - PUBLICATION, DISTRIBUTION, ETC. | |
| Place of publication, distribution, etc. | Barcelona : |
| Name of publisher, distributor, etc. | Bruguera, |
| Date of publication, distribution, etc. | 1980. |
| 300 ## - PHYSICAL DESCRIPTION | |
| Extent | 251 p. ; |
| Dimensions | 18 cm. |
| 490 0# - SERIES STATEMENT | |
| Series statement | Colección de Literatura Universal Bruguera ; |
| Volume/sequential designation | 14 |
| 520 ## - SUMMARY, ETC. | |
| Summary, etc. | Cuando tenia 12 años, Cosimo Piovasco, barón de Rondo, en un gesto de rebelión contra la tiranía familiar, se encaramo a una encina del jardín de la casa paterna. Ese mismo día, el 15 de junio de 1767, encontró a la hija de los marqueses de Ondarivia y le anuncio su propósito de no bajar nunca de los arboles. Desde entonces y hasta el final de su vida, Cosimo permanece fiel a una disciplina que el mismo se ha impuesto. La acción fantástica transcurre en las postrimetrías del siglo XVII y en los albores del XIX. Cosimo participa tanto en la revolución francesa como en las invasiones napoleónicas, pero sin abandonar nunca esa distancia necesaria que le permite estar dentro y fuera de las cosas al mismo tiempo.<br/> |
| 650 #7 - SUBJECT ADDED ENTRY--TOPICAL TERM | |
| Source of heading or term | embne |
| Topical term or geographic name entry element | Literatura italiana |
| 655 #7 - INDEX TERM--GENRE/FORM | |
| Source of term | embne |
| Genre/form data or focus term | Novelas |
| 942 ## - ADDED ENTRY ELEMENTS (KOHA) | |
| Source of classification or shelving scheme | Universal Decimal Classification |
| Koha item type | Obra General |
| Suppress in OPAC | No |
| Withdrawn status | Lost status | Source of classification or shelving scheme | Damaged status | Not for loan | Collection | Home library | Current library | Date acquired | Source of acquisition | Total checkouts | Full call number | Barcode | Date last seen | Price effective from | Koha item type |
|---|---|---|---|---|---|---|---|---|---|---|---|---|---|---|---|
| Universal Decimal Classification | Colección General | Biblioteca Escuela de Ciencias Sociales | Biblioteca Escuela de Ciencias Sociales | 11/05/2026 | Donación 2026 | 82-31(450) C168 | 000098 | 11/05/2026 | 11/05/2026 | Obra General |